| 000 | 00613nam a22002297a 4500 | ||
|---|---|---|---|
| 003 | UA-OsUOA | ||
| 001 | 126667 | ||
| 007 | ta | ||
| 008 | 20171102b un ||||| |||| 00| 0 ukr d | ||
| 100 | _aМаркиш С. | ||
| 090 |
_a101 _bМ26 |
||
| 942 | _cBK | ||
| 040 |
_aUA-OsUOA _brus _cUA-OsUOA _dUA-OsUOA |
||
| 245 | _aЗнакомство с Эразмом из Роттердама | ||
| 300 | _a222 с. | ||
| 955 | _a3 | ||
| 041 | _arus | ||
| 080 | _a101 | ||
| 260 |
_aМ. _bХудожественная литература _c1971 |
||
| 650 | 7 |
_a1 Філософські науки _2UDC |
|
| 999 |
_c413886 _d413886 |
||